Income tax: (Record no. 210208)

MARC details
000 -LEADER
fixed length control field 00800nam a2200253Ia 4500
003 - CONTROL NUMBER IDENTIFIER
control field OSt
005 - DATE AND TIME OF LATEST TRANSACTION
control field 20260302153933.0
008 - FIXED-LENGTH DATA ELEMENTS--GENERAL INFORMATION
fixed length control field 210716s2017 xx 000 0 und d
020 ## - INTERNATIONAL STANDARD BOOK NUMBER
International Standard Book Number 9789383866489
040 ## - CATALOGING SOURCE
Transcribing agency AIMIT LIBRARY
041 ## - LANGUAGE CODE
Language code of text/sound track or separate title eng
082 ## - DEWEY DECIMAL CLASSIFICATION NUMBER
Classification number 336.242
Edition number 38
Item number MEHH
100 ## - MAIN ENTRY--PERSONAL NAME
Personal name Mehrotra, H C.
9 (RLIN) 257218
245 ## - TITLE STATEMENT
Title Income tax:
Remainder of title including tax planning and management /
Statement of responsibility, etc. By H.C. Mehrotra and S.P. Goyal.
250 ## - EDITION STATEMENT
Edition statement 38
260 ## - PUBLICATION, DISTRIBUTION, ETC.
Place of publication, distribution, etc. Agra
Name of publisher, distributor, etc. Sahitya Bhawan Publications
Date of publication, distribution, etc. 2017
300 ## - PHYSICAL DESCRIPTION
Extent iv,867,159 p.;
Other physical details PB
Dimensions 24.4 cm.
440 ## - SERIES STATEMENT/ADDED ENTRY--TITLE
Title Assessment year 2017-18
9 (RLIN) 257221
650 ## - SUBJECT ADDED ENTRY--TOPICAL TERM
Topical term or geographic name entry element Introduction and important definitions
9 (RLIN) 257219
650 ## - SUBJECT ADDED ENTRY--TOPICAL TERM
Topical term or geographic name entry element Income from salaries
9 (RLIN) 257254
650 ## - SUBJECT ADDED ENTRY--TOPICAL TERM
Topical term or geographic name entry element Capital gains
9 (RLIN) 257255
700 ## - ADDED ENTRY--PERSONAL NAME
Personal name Goyal, S.P.
9 (RLIN) 257256
942 ## - ADDED ENTRY ELEMENTS (KOHA)
Source of classification or shelving scheme Dewey Decimal Classification
Koha item type Book
Call number prefix 336.242 MEHH
Holdings
Withdrawn status Lost status Source of classification or shelving scheme Damaged status Not for loan Collection code Home library Current library Shelving location Date acquired Cost, normal purchase price Inventory number Total Checkouts Full call number Barcode Date last seen Cost, replacement price Price effective from Koha item type
    Dewey Decimal Classification     MBA St Aloysius Institute of Management & Information Technology St Aloysius Institute of Management & Information Technology Tax 07/25/2017 750.00 Bill no:15616; Bill dt:2017-07-1   336.242 MEHH MBA12776 05/23/2026 637.50 07/16/2021 Book